[Event "Regionalliga SW 1415"]
[Site "Bayern"]
[Date "2014.11.09"]
[Round "2.8"]
[White "Schwanengel, Ulrich"]
[Black "Lerch, Martin"]
[Result "0-1"]
[WhiteElo "1940"]
[BlackElo "2024"]
[PlyCount "98"]
[EventDate "2014.10.19"]
[EventType "team-tourn"]
[EventRounds "9"]
[EventCountry "GER"]
[SourceTitle "EXT 2018"]
[Source "ChessBase"]
[SourceDate "2017.10.13"]
[SourceVersion "1"]
[SourceVersionDate "2017.10.13"]
[SourceQuality "1"]
[WhiteTeam "Bayern Muenchen III"]
[BlackTeam "MSA Zugzwang II"]
[WhiteTeamCountry "GER"]
[BlackTeamCountry "GER"]

1. e4 e6 2. d4 d5 3. Nc3 Bb4 4. e5 Ne7 5. a3 Bxc3+ 6. bxc3 c5 7. h4 Qa5 8. Bd2 Qa4 9. Qb1 a6 10. Nf3 Nd7 11. h5 f6 12. Bd3 fxe5 13. dxe5 Qg4 14. Kf1 Nf5 15. Qe1 0-0 16. Qe2 c4 17. Bxf5 Qxf5 18. Re1 Nc5 19. Nd4 Qf7 20. Kg1 Ne4 21. Rf1 Qc7 22. Nf3 Bd7 23. Rh3 Qc5 24. Nd4 Qxa3 25. Bc1 Qe7 26. Qg4 Rf7 27. Be3 a5 28. f3 Nxc3 29. Rg3 a4 30. Kh2 a3 31. Bg5 Qf8 32. Bf6 Rxf6 33. exf6 Qxf6 34. Re1 a2 35. Ra1 e5 36. Qxd7 exd4 37. Qxb7 Rf8 38. Rg4 d3 39. cxd3 cxd3 40. Rxa2 Nxa2 41. Qxd5+ Qf7 42. Qxd3 Qxh5+ 43. Kg1 Qc5+ 44. Kh2 Nc1 45. Qd7 Qh5+ 46. Kg1 Qe5 47. Re4 Ne2+ 48. Rxe2 Qxe2 49. Qd5+ Kh8 0-1

[Event "Regionalliga SW 1314"]
[Site "Bayern"]
[Date "2013.10.13"]
[Round "1.8"]
[White "Osthoff, Michael"]
[Black "Schwanengel, Ulrich"]
[Result "1-0"]
[WhiteElo "1974"]
[BlackElo "1928"]
[PlyCount "95"]
[EventDate "2013.10.13"]
[EventType "team-tourn"]
[EventRounds "9"]
[EventCountry "GER"]
[SourceTitle "EXT 2015"]
[Source "ChessBase"]
[SourceDate "2014.11.20"]
[SourceVersion "1"]
[SourceVersionDate "2014.11.20"]
[SourceQuality "1"]
[WhiteTeam "Muenchen Siemens"]
[BlackTeam "Bayern Muenchen III"]
[WhiteTeamCountry "GER"]
[BlackTeamCountry "GER"]

1. d4 Nf6 2. c4 e6 3. Nf3 b6 4. g3 Bb7 5. Bg2 Be7 6. 0-0 0-0 7. Nc3 d6 8. d5 exd5 9. cxd5 Nbd7 10. Nd4 Re8 11. b3 Bf8 12. Bb2 Nc5 13. Qc2 a5 14. a3 Re5 15. e4 Qd7 16. f3 g6 17. Ncb5 Bg7 18. b4 Na6 19. Nc6 Ree8 20. Nbd4 axb4 21. axb4 h5 22. Rfb1 Kh7 23. Bf1 h4 24. Bb5 Qh3 25. Qg2 Qxg2+ 26. Kxg2 hxg3 27. hxg3 Rh8 28. Ra2 Nd7 29. Rba1 Ne5 30. Bxa6 Rxa6 31. Rxa6 Bxa6 32. Rxa6 Nc4 33. Bc1 Bf6 34. b5 Kg7 35. Ra4 Ne5 36. Nxe5 Bxe5 37. Nc6 Bf6 38. Be3 Rc8 39. Bd4 Bxd4 40. Nxd4 Kf8 41. Kh3 Ke7 42. Nc6+ Kd7 43. Kg4 Rh8 44. Kg5 Rh3 45. Ra8 f6+ 46. Kxf6 Rh8 47. Rxh8 g5 48. Rd8# 1-0

[Event "Imperia op-A 48th"]
[Site "Imperia"]
[Date "2006.09.10"]
[Round "9.11"]
[White "Ahner, Thomas"]
[Black "Schwanengel, Ulrich"]
[Result "1-0"]
[WhiteElo "2157"]
[BlackElo "2103"]
[PlyCount "147"]
[EventDate "2006.09.03"]
[EventType "swiss"]
[EventRounds "9"]
[EventCountry "ITA"]
[SourceTitle "EXT 2024"]
[Source "ChessBase"]
[SourceDate "2023.10.10"]
[SourceVersion "1"]
[SourceVersionDate "2023.10.10"]
[SourceQuality "1"]

1. g4 e5 2. Bg2 Bc5 3. e3 Nc6 4. Ne2 Qh4 5. Ng3 Nh6 6. h3 d6 7. e4 g6 8. d3 Bd7 9. Nd2 Qe7 10. Nb3 Ng8 11. Nxc5 dxc5 12. Be3 0-0-0 13. Qd2 Nd4 14. c3 Ne6 15. 0-0-0 Ba4 16. b3 Bb5 17. c4 Ba6 18. Ne2 Qd6 19. f4 f6 20. f5 Nd4 21. Bxd4 cxd4 22. b4 b6 23. Kb2 Ne7 24. a3 g5 25. Ng3 h6 26. Ra1 Bb7 27. Rhc1 c5 28. bxc5 Qxc5 29. Nh5 Rd6 30. Kc2 Rg8 31. Rcb1 Bc6 32. Kd1 Be8 33. Ng3 Ba4+ 34. Ke1 a5 35. Bf3 Kc7 36. Bd1 Bd7 37. Bc2 Rb8 38. Qd1 Qc6 39. Nh5 a4 40. Rb5 Ra8 41. Bxa4 Kd8 42. Rab1 Qc7 43. R5b4 Bc8 44. Qb3 Ra6 45. Bb5 Ra5 46. Ra4 Qa7 47. Rxa5 Qxa5+ 48. Qb4 Qxb4+ 49. axb4 Kc7 50. c5 bxc5 51. bxc5 Rd8 52. Nxf6 Rf8 53. Ne8+ Kd8 54. Nd6 Kc7 55. Nc4 Nc6 56. Bxc6 Kxc6 57. Rb6+ Kxc5 58. Rxh6 Bb7 59. Nxe5 Ra8 60. Nd7+ Kb4 61. Rb6+ Kc3 62. Nc5 Ra1+ 63. Ke2 Bc8 64. f6 Ra2+ 65. Kf3 Ra1 66. Rc6 Re1 67. Rxc8 Kd2 68. Nb3+ Kxd3 69. Rc1 Re3+ 70. Kg2 Re2+ 71. Kg1 Ra2 72. Nc5+ Ke3 73. f7 Ra8 74. Rf1 1-0

[Event "Imperia op-A 48th"]
[Site "Imperia"]
[Date "2006.09.09"]
[Round "8"]
[White "Schwanengel, Ulrich"]
[Black "Mittermeier, Peter"]
[Result "1/2-1/2"]
[WhiteElo "2103"]
[BlackElo "2058"]
[PlyCount "38"]
[EventDate "2006.09.03"]
[EventType "swiss"]
[EventRounds "9"]
[EventCountry "ITA"]
[SourceTitle "EXT 2011"]
[Source "ChessBase"]
[SourceDate "2010.11.26"]
[SourceVersion "1"]
[SourceVersionDate "2010.11.26"]
[SourceQuality "1"]

1. e4 c6 2. d4 d5 3. Nc3 dxe4 4. Nxe4 Bf5 5. Ng3 Bg6 6. Nf3 Nd7 7. h4 h6 8. h5 Bh7 9. Bd3 Bxd3 10. Qxd3 Qc7 11. Bd2 e6 12. 0-0-0 0-0-0 13. Ne4 Ngf6 14. g3 Nxe4 15. Qxe4 Bd6 16. Bc3 Nf6 17. Qe2 Rhe8 18. Ne5 Nd5 19. Bd2 c5 1/2-1/2

[Event "Imperia op-A 48th"]
[Site "Imperia"]
[Date "2006.09.06"]
[Round "5"]
[White "Ricci, Marco"]
[Black "Schwanengel, Ulrich"]
[Result "1-0"]
[WhiteElo "2150"]
[BlackElo "2103"]
[PlyCount "85"]
[EventDate "2006.09.03"]
[EventType "swiss"]
[EventRounds "9"]
[EventCountry "ITA"]
[SourceTitle "EXT 2011"]
[Source "ChessBase"]
[SourceDate "2010.11.26"]
[SourceVersion "1"]
[SourceVersionDate "2010.11.26"]
[SourceQuality "1"]

1. e4 Nf6 2. e5 Nd5 3. d4 d6 4. Nf3 dxe5 5. Nxe5 c6 6. c4 Nb4 7. Be3 Bf5 8. Nd3 e6 9. a3 Nxd3+ 10. Bxd3 Bxd3 11. Qxd3 Nd7 12. Nc3 Be7 13. 0-0 0-0 14. Rfd1 Nf6 15. b4 Qd7 16. Bf4 Bd6 17. Be5 Bxe5 18. dxe5 Qxd3 19. Rxd3 Ng4 20. f4 a5 21. b5 Rfd8 22. Rad1 Rxd3 23. Rxd3 Kf8 24. h3 Nh6 25. Rd7 Rc8 26. b6 Rb8 27. Ne4 Nf5 28. g4 Ne3 29. Nd6 f6 30. exf6 gxf6 31. Rxh7 Rd8 32. Rh8+ Ke7 33. Rxd8 Kxd8 34. Nxb7+ Kc8 35. Nxa5 c5 36. Kf2 Nc2 37. a4 Nd4 38. Ke3 Nc2+ 39. Ke4 Kd7 40. h4 Nb4 41. h5 Ke7 42. b7 Na6 43. Nc6+ 1-0

[Event "Imperia op-A 48th"]
[Site "Imperia"]
[Date "2006.09.05"]
[Round "3"]
[White "Schwanengel, Ulrich"]
[Black "Malano, Francesco"]
[Result "1/2-1/2"]
[WhiteElo "2103"]
[BlackElo "2020"]
[PlyCount "69"]
[EventDate "2006.09.03"]
[EventType "swiss"]
[EventRounds "9"]
[EventCountry "ITA"]
[SourceTitle "EXT 2011"]
[Source "ChessBase"]
[SourceDate "2010.11.26"]
[SourceVersion "1"]
[SourceVersionDate "2010.11.26"]
[SourceQuality "1"]

1. e4 c5 2. Nf3 g6 3. d4 cxd4 4. Nxd4 Bg7 5. Nc3 Nc6 6. Be3 Nf6 7. Bc4 Qa5 8. f3 Qb4 9. Nxc6 Qxc4 10. Ne5 Qe6 11. Nd3 0-0 12. Qd2 d6 13. 0-0-0 Re8 14. g4 Bd7 15. g5 Nh5 16. Nd5 Rec8 17. Kb1 Ba4 18. b3 Be8 19. Nc1 Rc6 20. Ne2 Rac8 21. Rc1 Ra6 22. Bd4 f5 23. Bxg7 Nxg7 24. Rhe1 Bc6 25. Nef4 Qf7 26. e5 Ne6 27. exd6 Bxd5 28. Qxd5 Nxf4 29. Qxb7 Rcc6 30. Rxe7 Qf8 31. Rd1 Rcb6 32. Qc7 Rc6 33. Qb7 Rcb6 34. Qc7 Rc6 35. Qb7 1/2-1/2

[Event "Regionalliga SW 0506"]
[Site "Bayern"]
[Date "2006.03.12"]
[Round "8.5"]
[White "Schwanengel, Ulrich"]
[Black "Billing, Christian"]
[Result "1-0"]
[WhiteElo "1995"]
[BlackElo "2013"]
[PlyCount "83"]
[EventDate "2005.10.23"]
[EventType "team-tourn"]
[EventRounds "9"]
[EventCountry "GER"]
[SourceTitle "EXT 2007"]
[Source "ChessBase"]
[SourceDate "2006.11.23"]
[SourceVersion "1"]
[SourceVersionDate "2006.11.23"]
[SourceQuality "1"]

1. e4 d5 2. exd5 Qxd5 3. Nc3 Qa5 4. d4 c6 5. Bc4 Bf5 6. Nf3 e6 7. Bd2 Qc7 8. Qe2 Nf6 9. 0-0-0 Nbd7 10. Nh4 Bg6 11. Nxg6 hxg6 12. Bxe6 fxe6 13. Qxe6+ Be7 14. Rhe1 Nf8 15. Qe2 Ng8 16. Bg5 Kd8 17. Kb1 Qd7 18. d5 c5 19. Qf3 Qf5 20. Bxe7+ Nxe7 21. Qe3 Qd7 22. d6 Nc6 23. Qxc5 Rh5 24. Qc4 Rc8 25. g4 Rh3 26. Qg8 Rf3 27. Qd5 Rf6 28. Ne4 Nb4 29. Nxf6 Qa4 30. Qb3 Qxb3 31. axb3 gxf6 32. Re7 Rxc2 33. Rxb7 a5 34. Rxb4 axb4 35. Kxc2 Kd7 36. Rd4 Ne6 37. Rxb4 Kxd6 38. Kd3 Ke5 39. Rb6 Nc5+ 40. Ke3 Nd7 41. Rb5+ Kd6 42. Kd4 1-0

[Event "Regionalliga SW 0506"]
[Site "Bayern"]
[Date "2006.01.29"]
[Round "6.6"]
[White "Altmann, Christoph"]
[Black "Schwanengel, Ulrich"]
[Result "1/2-1/2"]
[WhiteElo "2096"]
[BlackElo "1995"]
[PlyCount "111"]
[EventDate "2005.10.23"]
[EventType "team-tourn"]
[EventRounds "9"]
[EventCountry "GER"]
[SourceTitle "EXT 2007"]
[Source "ChessBase"]
[SourceDate "2006.11.23"]
[SourceVersion "1"]
[SourceVersionDate "2006.11.23"]
[SourceQuality "1"]

1. d4 Nf6 2. Bg5 e6 3. Nd2 d5 4. e3 c5 5. c3 h6 6. Bh4 cxd4 7. exd4 Be7 8. Bd3 0-0 9. Ngf3 b6 10. Ne5 Nfd7 11. Bxe7 Qxe7 12. Qe2 a5 13. Ndf3 Ba6 14. Bxa6 Nxa6 15. Qb5 Nxe5 16. Nxe5 Rfb8 17. 0-0 Qd6 18. f4 Nc7 19. Qe2 Ne8 20. Qh5 Rb7 21. Rae1 Nf6 22. Qh4 Ne4 23. f5 exf5 24. Rxf5 b5 25. Ref1 Raa7 26. Ng4 Rd7 27. Ne3 Qc6 28. Nxd5 Ng5 29. Ne3 Re7 30. Rc5 Qe6 31. Nf5 Reb7 32. Re5 Qxa2 33. Nxh6+ gxh6 34. Qxh6 Ne6 35. Rh5 f5 36. Qh8+ Kf7 37. Rh7+ Kg6 38. Rh6+ Kf7 39. Qf6+ Ke8 40. Qxe6+ Qxe6 41. Rxe6+ Kd8 42. Rxf5 b4 43. Rd5+ Kc7 44. c4 a4 45. Re7+ Kc6 46. Rc5+ Kd6 47. Rxb7 Rxb7 48. Ra5 a3 49. b3 Rf7 50. Ra6+ Kd7 51. Ra7+ Ke8 52. Ra8+ Kd7 53. Ra7+ Ke8 54. Ra4 Kd8 55. Ra8+ Kd7 56. Ra7+ 1/2-1/2

[Event "Regionalliga SW 0506"]
[Site "Bayern"]
[Date "2006.01.15"]
[Round "5.6"]
[White "Schwanengel, Ulrich"]
[Black "Stadler, Wolfgang"]
[Result "1/2-1/2"]
[WhiteElo "1995"]
[BlackElo "1918"]
[PlyCount "43"]
[EventDate "2005.10.23"]
[EventType "team-tourn"]
[EventRounds "9"]
[EventCountry "GER"]
[SourceTitle "EXT 2007"]
[Source "ChessBase"]
[SourceDate "2006.11.23"]
[SourceVersion "1"]
[SourceVersionDate "2006.11.23"]
[SourceQuality "1"]

1. e4 e6 2. d4 d5 3. Nc3 Bb4 4. e5 c5 5. a3 Bxc3+ 6. bxc3 Qc7 7. Nf3 Bd7 8. Bd3 Ne7 9. h4 a6 10. a4 Nbc6 11. Qd2 0-0-0 12. Ba3 c4 13. Be2 Be8 14. Qf4 h6 15. Kd2 f6 16. Bd6 Qd7 17. Bc5 Ng6 18. Qg3 Qf7 19. h5 Nge7 20. Rab1 Rg8 21. Rb2 Rd7 22. Bd6 1/2-1/2

[Event "Regionalliga SW 0506"]
[Site "Bayern"]
[Date "2005.10.23"]
[Round "1.7"]
[White "Schoenbauer, Max"]
[Black "Schwanengel, Ulrich"]
[Result "1-0"]
[WhiteElo "1989"]
[BlackElo "1979"]
[PlyCount "71"]
[EventDate "2005.10.23"]
[EventType "team-tourn"]
[EventRounds "9"]
[EventCountry "GER"]
[SourceTitle "EXT 2007"]
[Source "ChessBase"]
[SourceDate "2006.11.23"]
[SourceVersion "1"]
[SourceVersionDate "2006.11.23"]
[SourceQuality "1"]

1. e4 e5 2. Nf3 Nc6 3. d4 exd4 4. Bc4 Bb4+ 5. c3 dxc3 6. bxc3 Ba5 7. 0-0 Nge7 8. Ng5 Ne5 9. Bxf7+ Nxf7 10. Nxf7 Kxf7 11. Qh5+ g6 12. Qxa5 d6 13. Bg5 h6 14. Be3 c5 15. Qa3 Be6 16. Nd2 b6 17. Rad1 d5 18. Nf3 Qc7 19. Qa4 Rad8 20. exd5 Bxd5 21. Bf4 Qb7 22. Ne5+ Kg7 23. f3 Rhf8 24. Ng4 g5 25. Be5+ Kg6 26. Qc2+ Nf5 27. Ne3 h5 28. g4 Bxf3 29. gxf5+ Kh6 30. Rxd8 Rxd8 31. Qb3 Re8 32. f6 Rxe5 33. Qg8 Qh7 34. f7 Qxg8 35. fxg8Q Rxe3 36. Qf8+ 1-0

[Event "Imperia op-A 47th"]
[Site "Imperia"]
[Date "2005.08.31"]
[Round "4"]
[White "Cirabisi, Federico"]
[Black "Schwanengel, Ulrich"]
[Result "0-1"]
[WhiteElo "2109"]
[BlackElo "2097"]
[PlyCount "44"]
[EventDate "2005.08.28"]
[EventType "swiss"]
[EventRounds "9"]
[EventCountry "ITA"]
[SourceTitle "EXT 2007"]
[Source "ChessBase"]
[SourceDate "2006.11.23"]
[SourceVersion "1"]
[SourceVersionDate "2006.11.23"]
[SourceQuality "1"]

1. e4 e5 2. Nc3 Nf6 3. f4 d5 4. fxe5 Nxe4 5. Nf3 Be7 6. Qe2 f5 7. d4 0-0 8. Be3 f4 9. Bf2 Bb4 10. Nd2 Nxc3 11. bxc3 Bxc3 12. Rb1 c6 13. Qh5 Rf5 14. Qh3 Rxe5+ 15. dxe5 Bxh3 16. gxh3 Qe7 17. Rg1 b6 18. Bd3 Nd7 19. Rb3 Nxe5 20. Rxc3 Nxd3+ 21. Kf1 Nxf2 22. Kxf2 Re8 0-1

[Event "Imperia op-A 47th"]
[Site "Imperia"]
[Date "2005.08.30"]
[Round "3"]
[White "Schwanengel, Ulrich"]
[Black "Barlocco, Carlo"]
[Result "0-1"]
[WhiteElo "2097"]
[BlackElo "2235"]
[PlyCount "124"]
[EventDate "2005.08.28"]
[EventType "swiss"]
[EventRounds "9"]
[EventCountry "ITA"]
[SourceTitle "EXT 2007"]
[Source "ChessBase"]
[SourceDate "2006.11.23"]
[SourceVersion "1"]
[SourceVersionDate "2006.11.23"]
[SourceQuality "1"]

1. e4 b6 2. d4 Bb7 3. Nc3 e6 4. Bd3 Bb4 5. Nge2 c5 6. a3 Bxc3+ 7. bxc3 c4 8. Bxc4 Bxe4 9. f3 Bg6 10. 0-0 Ne7 11. Bf4 0-0 12. Qd2 d5 13. Bb3 Nbc6 14. c4 Na5 15. c5 bxc5 16. dxc5 Rc8 17. Qb4 Nec6 18. Qd2 Nb7 19. Bg5 Qa5 20. c4 dxc4 21. Qxa5 Ncxa5 22. Ba2 Nxc5 23. Rac1 Bd3 24. Rfe1 Nab3 25. Rc3 Rc6 26. Nc1 Rb8 27. Bxb3 cxb3 28. Nxd3 Nxd3 29. Rxd3 b2 30. Rb1 Rc2 31. Kf1 h6 32. Be3 a6 33. h3 g5 34. Kg1 Kh7 35. Kh2 Kg6 36. Kg3 f5 37. f4 e5 38. Rd6+ Kf7 39. Bd2 gxf4+ 40. Kf3 Rb3+ 41. Ke2 Rc8 42. Rxa6 Rg8 43. Kf1 f3 44. gxf3 Rxf3+ 45. Ke2 Rb3 46. Rxh6 f4 47. Kf1 f3 48. Rc6 Ra8 49. Bb4 Rxb4 50. Rc3 e4 51. Re3 Rd4 52. Rxb2 Ke6 53. Rbb3 Ke5 54. Re1 Kf4 55. h4 Rh8 56. Rb4 Rxb4 57. axb4 Rxh4 58. Kg1 Kg3 59. Re3 Kf4 60. Rb3 e3 61. b5 e2 62. Rb1 Kg3 0-1

[Event "Regionalliga SW 0405"]
[Site "Bayern"]
[Date "2005.04.10"]
[Round "9.7"]
[White "Hennig, Bernd"]
[Black "Schwanengel, Ulrich"]
[Result "0-1"]
[WhiteElo "1855"]
[BlackElo "1939"]
[PlyCount "59"]
[EventDate "2004.10.24"]
[EventType "team-tourn"]
[EventRounds "9"]
[EventCountry "GER"]
[SourceTitle "EXT 2007"]
[Source "ChessBase"]
[SourceDate "2006.11.23"]
[SourceVersion "1"]
[SourceVersionDate "2006.11.23"]
[SourceQuality "1"]
[WhiteTeam "Muenchen RTA"]
[BlackTeam "Bayern Muenchen III"]
[WhiteTeamCountry "GER"]
[BlackTeamCountry "GER"]

1. Nf3 Nf6 2. g3 b6 3. d3 g6 4. Bg2 Bb7 5. Nbd2 Bg7 6. e4 d6 7. 0-0 0-0 8. Re1 c5 9. c3 Nc6 10. Nf1 Qc7 11. h4 Rad8 12. Bg5 h6 13. Bxf6 Bxf6 14. Ne3 e6 15. Qd2 Bg7 16. Nh2 f5 17. h5 g5 18. exf5 exf5 19. Nd5 Qf7 20. Re2 Ne5 21. c4 Kh8 22. f4 gxf4 23. gxf4 Nc6 24. Rae1 Rde8 25. Nf3 Qxh5 26. Nc7 Rxe2 27. Rxe2 Nd4 28. Nxd4 Bxd4+ 29. Kf1 Bxg2+ 30. Rxg2 0-1

[Event "Regionalliga SW 0405"]
[Site "Bayern"]
[Date "2004.12.12"]
[Round "4.7"]
[White "Schwanengel, Ulrich"]
[Black "Moses, Daniel"]
[Result "1-0"]
[WhiteElo "1939"]
[BlackElo "1892"]
[PlyCount "85"]
[EventDate "2004.10.24"]
[EventType "team-tourn"]
[EventRounds "9"]
[EventCountry "GER"]
[SourceTitle "EXT 2007"]
[Source "ChessBase"]
[SourceDate "2006.11.23"]
[SourceVersion "1"]
[SourceVersionDate "2006.11.23"]
[SourceQuality "1"]
[WhiteTeam "Bayern Muenchen III"]
[BlackTeam "Muenchen Schwabing/Nord II"]
[WhiteTeamCountry "GER"]
[BlackTeamCountry "GER"]

1. e4 Nc6 2. Nf3 Nf6 3. Nc3 d5 4. e5 d4 5. exf6 dxc3 6. fxg7 cxd2+ 7. Qxd2 Qxd2+ 8. Bxd2 Bxg7 9. c3 Bf5 10. Nh4 Be4 11. f3 Bd5 12. Nf5 Bf6 13. Ne3 Be6 14. Bc4 Bxc4 15. Nxc4 0-0-0 16. 0-0-0 b5 17. Ne3 Ne5 18. Kc2 Nd3 19. Ng4 Ne5 20. Nxf6 exf6 21. Bf4 Rdg8 22. Rd2 Rg6 23. Rf1 Rhg8 24. Rff2 Nc4 25. Rde2 Kd7 26. b3 Nd6 27. g3 f5 28. Re5 Re6 29. Rd5 Kc6 30. Rfd2 Rf6 31. Be5 Re6 32. Bxd6 Rxd6 33. Rxf5 Rxd2+ 34. Kxd2 Rg7 35. Ke3 a6 36. Rf6+ Kd7 37. Rxa6 c6 38. Ra7+ Ke6 39. Rc7 Kd6 40. Rc8 h5 41. Rh8 Rg5 42. Rh6+ Kd5 43. Rf6 1-0

[Event "Imperia op-A 46th"]
[Site "Imperia"]
[Date "2004.09.10"]
[Round "7"]
[White "Taborska, Veronika"]
[Black "Schwanengel, Ulrich"]
[Result "1/2-1/2"]
[WhiteElo "2089"]
[BlackElo "2074"]
[PlyCount "60"]
[EventDate "2004.09.05"]
[EventType "swiss"]
[EventRounds "9"]
[EventCountry "ITA"]
[SourceTitle "EXT 2005"]
[Source "ChessBase"]
[SourceDate "2004.11.15"]
[SourceVersion "1"]
[SourceVersionDate "2004.11.15"]
[SourceQuality "1"]

1. d4 Nf6 2. c4 e6 3. Nc3 Bb4 4. e3 0-0 5. Bd3 d5 6. Nge2 c5 7. a3 cxd4 8. exd4 dxc4 9. Bxc4 Be7 10. 0-0 b6 11. d5 Qc7 12. Bb3 Nxd5 13. Nxd5 exd5 14. Bxd5 Bb7 15. Bf4 Qd7 16. Bxb7 Qxb7 17. Rc1 Na6 18. b4 Rac8 19. Qb3 Bf6 20. Ng3 g6 21. h3 Nc7 22. Rfe1 Ne6 23. Bh6 Rxc1 24. Rxc1 Rc8 25. Qd1 Rxc1 26. Qxc1 Qc7 27. Ne4 Qxc1+ 28. Bxc1 Be5 29. Kf1 f5 30. Nd2 b5 1/2-1/2

[Event "Landesliga Sued 0304"]
[Site "Bayern"]
[Date "2003.12.14"]
[Round "4.8"]
[White "Hackbarth, Wolfgang"]
[Black "Schwanengel, Ulrich"]
[Result "0-1"]
[WhiteElo "2036"]
[BlackElo "1902"]
[PlyCount "66"]
[EventDate "2003.10.12"]
[EventType "team-tourn"]
[EventRounds "9"]
[EventCountry "GER"]
[SourceTitle "EXT 2006"]
[Source "ChessBase"]
[SourceDate "2005.11.24"]
[SourceVersion "1"]
[SourceVersionDate "2005.11.24"]
[SourceQuality "1"]
[WhiteTeam "Pfarrkirchen SC"]
[BlackTeam "Bayern Muenchen II"]
[WhiteTeamCountry "GER"]
[BlackTeamCountry "GER"]

1. c4 e5 2. g3 Nf6 3. Bg2 d5 4. cxd5 Nxd5 5. Nc3 Nb6 6. Nf3 Nc6 7. d3 Be7 8. 0-0 0-0 9. a3 a5 10. Be3 Be6 11. Na4 Nxa4 12. Qxa4 Bd5 13. Rac1 Bd6 14. Qb5 Ne7 15. Bc5 c6 16. Qa4 Bxc5 17. Rxc5 b6 18. Rcc1 Qd6 19. Qh4 h6 20. Rfd1 c5 21. Qh5 Nc6 22. e3 Rad8 23. d4 exd4 24. exd4 Bxf3 25. Qxf3 Nxd4 26. Qh5 Rfe8 27. Re1 Qf6 28. Kf1 Nb3 29. Rcd1 Rxe1+ 30. Rxe1 Qxb2 31. Bd5 Nd2+ 32. Kg1 Qf6 33. Re2 Qa1+ 0-1

[Event "Imperia op-A 45th"]
[Site "Imperia"]
[Date "2003.09.06"]
[Round "8"]
[White "Schwanengel, Ulrich"]
[Black "Malano, Francesco"]
[Result "1-0"]
[WhiteElo "2100"]
[BlackElo "2075"]
[PlyCount "53"]
[EventDate "2003.08.31"]
[EventType "swiss"]
[EventRounds "9"]
[EventCountry "ITA"]
[SourceTitle "EXT 2005"]
[Source "ChessBase"]
[SourceDate "2004.11.15"]
[SourceVersion "1"]
[SourceVersionDate "2004.11.15"]
[SourceQuality "1"]

1. e4 c5 2. Nf3 g6 3. d4 cxd4 4. Nxd4 Bg7 5. Nc3 Nc6 6. Be3 Nf6 7. Bc4 Ne5 8. Bb3 Neg4 9. Bg5 Qa5 10. Bxf6 Nxf6 11. Qd3 0-0 12. 0-0-0 Qg5+ 13. Kb1 Qxg2 14. f4 d6 15. f5 Qf2 16. Rhg1 Kh8 17. Rdf1 Qh4 18. Nf3 Qh6 19. Ng5 Kg8 20. Qc4 b5 21. Nxb5 d5 22. Qc7 Nxe4 23. Nxe4 dxe4 24. fxg6 hxg6 25. Qxe7 Bf5 26. Nd6 Qxh2 27. Bxf7+ 1-0

[Event "Imperia op-A 45th"]
[Site "Imperia"]
[Date "2003.08.31"]
[Round "1"]
[White "Gross, David2222"]
[Black "Schwanengel, Ulrich"]
[Result "1-0"]
[WhiteElo "2451"]
[BlackElo "2100"]
[PlyCount "71"]
[EventDate "2003.08.31"]
[EventType "swiss"]
[EventRounds "9"]
[EventCountry "ITA"]
[SourceTitle "EXT 2005"]
[Source "ChessBase"]
[SourceDate "2004.11.15"]
[SourceVersion "1"]
[SourceVersionDate "2004.11.15"]
[SourceQuality "1"]

1. e4 Nf6 2. e5 Nd5 3. d4 d6 4. Bc4 Nb6 5. Bb3 Nc6 6. e6 fxe6 7. Nf3 Na5 8. Ng5 Nxb3 9. axb3 Nd5 10. 0-0 g6 11. Re1 Bg7 12. c4 Nf6 13. Nxe6 Bxe6 14. Rxe6 0-0 15. Nc3 Qd7 16. Qe2 Rf7 17. Bg5 c6 18. Re1 Re8 19. d5 Kh8 20. h4 a6 21. Bxf6 Bxf6 22. Ne4 Bd4 23. Qd2 c5 24. Re2 Kg7 25. h5 Ref8 26. hxg6 hxg6 27. Qg5 Bf6 28. Qg4 Rh8 29. Ng5 Rff8 30. Rxe7+ Qxe7 31. Rxe7+ Bxe7 32. Ne6+ Kh7 33. Nxf8+ Rxf8 34. Qe6 Bf6 35. Qxd6 Kg7 36. Qxc5 1-0